000
00263nam a22001097a 4500
008
240611b |||||||| |||| 00| 0 eng d
100
_a
Banerjee, Shanadindu
_9
15291
245
_a
Kaun Kabhi Kalidas
260
_b
Anand Pub.
_c
1968.
300
_a
136p.
942
_c
BK
999
_c
39543
_d
39543